| 000 | 01756nam0a22003731 4500 | ||
|---|---|---|---|
| 001 | v19\rc\1593755 | ||
| 005 | 20260406163047.0 | ||
| 035 | _a(NLR Aleph) 004717663 | ||
| 090 |
_a4288148 _c4288148 |
||
| 100 | _a20061002d1895 |||y0rusy50 ca | ||
| 101 | 0 | _arus | |
| 102 | _aRU | ||
| 105 | _aa z ||||| | ||
| 200 | 1 |
_aМосковский Покровский и святого блаженного Василия, что на рву, собор святые блаженные Василий и Иоанн, Христа ради юродивые, московские чудотворцы, в сем соборе почивающие _eСпасские ворота _aЛобное место _f[Соч.] Свящ. Иоанна Кузнецова |
|
| 210 |
_aМосква _cтипо-лит. т-ва И.Н. Кушнерев и К° _d1895 |
||
| 215 |
_a[2], 109 с. _cил. _d17 |
||
| 300 | _aВ изд. 1914 г. загл. незначит. изменено | ||
| 700 | 1 |
_7ca _8rus _aКузнецов _bИ. И. _cсвященник _f1863-1923 _gИоанн Иоаннович _9226788 _3RU\NLR\AUTH\770226844 |
|
| 702 | 0 |
_4570 _8rus _7ca _aВасилий Блаженный _cсвятой юродивый _f1469-1557 _3RU\NLR\AUTH\779839 _9119639 |
|
| 702 | 0 |
_4570 _7ca _8rus _aИоанн Московский _cсвятой _f-1589 _9226795 _3RU\NLR\AUTH\770226851 |
|
| 801 | 0 |
_aRU _bNLR _gpsbo |
|
| 801 | 0 |
_aRU _bRuMoRGB _2psbo |
|
| 801 | 1 |
_aRU _bProSoft-M _2rusmarc |
|
| 852 |
_aNLR _j18.262.7.210 |
||
| 852 |
_aNLR _j61-2/3210 |
||
| 899 |
_aRuMoRGB _jПриплет к U 266/251 |
||
| 899 |
_aRuMoRGB _jA 218/2472 |
||
| 899 |
_aRuMoRGB _jW 457/75 |
||
| 899 | _aБАН | ||
| 899 | _aГПИБ | ||
| 899 | _aНБ МГУ | ||
| 942 | _cBOOK | ||
| 980 | _aNB | ||